Όλες οι Σύγχρονες Χώρες που έχουν χτυπηθεί από Ατομικές Βομβες - Statistics

General Stats
  • This quiz has been taken 22 times
  • The average score is 7 of 15
Answer Stats
Χώρες % Correct
Ιαπωνία
100%
Ηνωμένες Πολιτείες
88%
Ρωσία
88%
Κίνα
76%
Βόρεια Κορέα
59%
Ινδία
59%
Ουκρανία
47%
Γαλλία
41%
Πακιστάν
41%
Αυστραλία
35%
Καζακστάν
24%
Αλγερία
12%
Κιριμπάτι
12%
Νήσοι Μάρσαλ
12%
Ουζμπεκιστάν
6%
No matching quizzes found
Score Distribution
Percent of People with Each Score
Percentile by Number Answered
Your Score History
You have not taken this quiz